00423nam a2200121Ia 4500008004000000020001800040082001500058100004500073245002500118260003500143300001100178650011200189210210b2003 xxu||||| |||| 00| 0 eng d a0 631 23392 X a304.8 BRAT aBRAZIEL (Jana Evans) and Mannur (Anita). aTheorizing diaspora. aUKbBlackwell publishingc2003 aix,345 aDiaspora Demography Migration Modernity Globalization Globalism Thnicity Identity Sixuality Gender Culture